[Event "Morelia/Linares 24th"]
[Site "Morelia/Linares"]
[Date "2007.02.22"]
[Round "5"]
[White "Carlsen, Magnus"]
[Black "Topalov, Veselin"]
[Result "1-0"]
[WhiteElo "2690"]
[BlackElo "2783"]
[Annotator "Marin,M"]
[PlyCount "127"]
[EventDate "2007.02.17"]
[EventType "tourn"]
[EventRounds "14"]
[EventCountry "ESP"]
[EventCategory "20"]
[SourceTitle "CBM 117"]
[Source "ChessBase"]
[SourceDate "2007.03.30"]
[SourceVersion "1"]
[SourceVersionDate "2007.03.30"]
[SourceQuality "1"]

1. d4 d5 2. c4 c6 3. Nf3 Nf6 4. Nc3 e6 5. e3 Nbd7 6. Qc2 Bd6 7. b3 O-O 8. Be2
b6 9. O-O Bb7 10. Bb2 Re8 11. Rad1 Qe7 12. Rfe1 Rac8 ({For some reasons,
Topalov sticks to this continuation, that had led him to defeat in the second
play-off game against Kramnik. From analytical point of view, the variation
might be OK, but it will again prove as an "unlucky" choice. The main
alternative is} 12... Rad8) 13. e4 (13. Bd3 $5 {Kramnik,V (2743)-Topalov,V 
(2813)/Elista 2006/CBM 115/[Marin,M] (1-0, 45)}) 13... Nxe4 14. Nxe4 dxe4 15.
Qxe4 Bb4 16. Rf1 Ba3 $146 ({Previously, Black played this generally desirable
move only after forcing the white queen define its intentions.} 16... Nf6 17.
Qh4 Ba3 18. Ba1 c5 19. Ne5 cxd4 20. Rxd4 Rcd8 21. Rf4 Nd7 22. Qg3 Nxe5 23. Bxe5
f5 24. Bh5 Rf8 $13 {Genov,P (2485)-Rmus,A (2310)/Sutomore 2004/CBM 102 ext 
(0-1, 33)}) 17. Bxa3 Qxa3 18. Qc2 Nf6 19. c5 $5 {This structure is typical for
the Catalan opening, but with a very significant difference: by immediately
exchanging his passive bishop, Black basically solves his opening problems.}
Ba6 20. Bxa6 Qxa6 21. Ne5 Nd5 {Black's control of this central square entirely
compensates for White's advantage of development.} 22. Nc4 Red8 23. a3 Rc7 24.
Qc1 Ne7 25. Rd2 Nf5 26. Rfd1 b5 27. Ne5 Qc8 28. Rd3 f6 29. Nf3 Rcd7 30. Qf4 Rd5
31. Qe4 Qd7 32. R3d2 {The d4-pawn is not in real danger, but its relative
weakness restricts White's possibilities. If the game was played between less
ambitious opponents, the most probable result would have been a draw.} h5 33.
h4 a5 34. Kf1 Re8 35. Re1 Kf7 36. Red1 Nh6 37. Re1 Re7 38. Qf4 Rf5 39. Qd6 Qc8
({This looks like an attempt to play for a win, but also a bit like playing
with fire.} 39... Qxd6 40. cxd6 Rd7 41. Rc1 Rxd6 42. Rdc2 {would have led to
approximate equality.}) 40. Rde2 $6 ({Carlsen misses the possibility of a
thematic pawn break:} 40. d5 $5 {followed by d4, when Black's army would have
been rather poorly coordinated.} Rxd5 (40... cxd5 41. Nd4 Re5 42. Rxe5 fxe5 43.
Nc6 Rc7 44. Nxe5+ Kg8 45. b4 $16) 41. Rxd5 cxd5 42. Nd4 {Black's whole
queeside is in danger, while the central mass of pawns cannot be advanced
easily. Another source of danger is the strong c-pawn, sustained by
practically all White's pieces.} b4 43. axb4 (43. a4 $16) 43... axb4 44. c6 $16
) 40... Rd5 41. Qf4 Nf5 42. Re4 Rd8 $11 43. g4 $6 {With light-squared bishops
on board, this would have been a decissive attack already, because White's
bishop would have largely contributed to creating decissive threats. The way
it is, Black has reliable stability on light squares, ensuring him against
immediate dangers. In the long run, White faces the risk of getting a ruined
pawn structure, which makes his decision quite questionable.} hxg4 44. Qxg4 Qd7
$5 ({An ambitious approach. Instead of preventing White's planned attack,
Black starts a powerful counterplay on light squares. He could have
immediately taken the h-pawn under control with} 44... Rh8 {and if} 45. h5 {
then} Qd7 (45... Rh6 $2 {unexpectedely offers White a crushing attack after}
46. Qxf5 $1 exf5 47. Rxe7+ Kf8 48. Nh4 $1 $18)) 45. h5 Kg8 ({Here, too,} 45...
Rh8 {could have been played.}) 46. Kg2 Qd5 {The queen's planned incursion to
b3 is very unpleasant for White, who's attack has not really started yet.} 47.
Qg6 Rf8 ({As pointed out by Jacob Aagaard,} 47... Qxb3 {was entirely possible,
not so much for the sake of the pawn, but with the intention of submitting
White's arrierguard to some unpleasant pressure, for instance} 48. h6 (48. Rg4
Kf8 $1 {Aagaard}) 48... Qd3 49. Rg4 $2 Rxd4 $3 $19 {Aagaard. The point is that}
50. Nxd4 {loses the queen to} Nh4+) 48. h6 Qd8 $2 (48... Nxh6 $2 49. Rh4 Nf5 (
49... Kh8 50. Reh1 $18) 50. Rh5 $1 $18 {followed by Rh1.}) (48... Qxb3 $5) 49.
d5 $5 ({Better later than never! White intends to distract the enemy queen
from the defence of the kingside. The immediate} 49. Rg4 $6 {would have been
adequately met by} Qe8) ({At the same time,} 49. Rxe6 $6 Qd5 $1 {would have
left White with problems of coordination because of the threat ...Nh4+.}) 49...
Qxd5 50. Rg4 $40 Qd7 ({This regrouping will fail to absolve Black from
problems, but} 50... Qxb3 {was bad, too.} 51. Rh1 Ref7 ({This move is more or
less necesaary because in case of the more natural} 51... Qd5 $2 {White has a
fantastic combination at his disposal:} 52. Qh7+ $3 Kxh7 53. hxg7+ {followed
by mate.}) 52. Rh5 {White has put up enormous pressure against the enemy
king's position. Black is lost, for instance} Qc2 (52... b4 53. hxg7 Rxg7 54.
Qh7+ Kf7 55. Ne5+ $1 fxe5 56. Rxf5+ $18) 53. hxg7 Ne3+ (53... Rxg7 54. Qh7+ Kf7
55. Rxg7+ Nxg7 56. Qxc2 $18) 54. Kh3 Qxg6 55. gxf8=Q+ Kxf8 56. Rxg6 $18) 51.
Rh1 Qe8 52. hxg7 Rxg7 53. Qh7+ Kf7 54. Rxg7+ Nxg7 55. Rh6 ({When attacking,
the natural tendency is to move the pieces "forward". However, chess geometry
is special. Here,} 55. Nd2 {would have been the start of the knights marching
forward to d6. Black would have faced a difficult defensive task.}) 55... Qd8
56. Qg6+ Kg8 57. Qh7+ Kf7 58. Qg6+ Kg8 59. Rh7 Qd7 60. Nd2 {The same comment
as after the 49th move applies here. It seems that the young Norvegian
prodigee is able to learn from his own mistakes at breathtaking speed....} f5
61. Nf3 Rf6 62. Qxf6 Kxh7 63. Ng5+ Kg8 64. Qg6 ({The position looks so joyless
for Black, that Topalov resigned. He probably saw that he has no perpetual
after} 64. Qg6 Qd5+ 65. f3 {but obviously missed that after} e5 {the queen's
access to g8 is opened. After} 66. Qh7+ Kf8 67. Qh8+ Qg8 {White has nothing
better than take a draw by perpetual with} 68. Nh7+) 1-0

[Event "Dortmund SuperGM 40th"]
[Site "Dortmund"]
[Date "2012.07.16"]
[Round "4"]
[White "Gustafsson, Jan"]
[Black "Bartel, Mateusz"]
[Result "1/2-1/2"]
[WhiteElo "2629"]
[BlackElo "2674"]
[Annotator "Marin,M"]
[PlyCount "69"]
[EventDate "2012.07.13"]
[EventType "tourn"]
[EventRounds "9"]
[EventCountry "GER"]
[EventCategory "19"]
[SourceTitle "CBM 150"]
[Source "ChessBase"]
[SourceDate "2012.09.14"]
[SourceVersion "1"]
[SourceVersionDate "2012.09.14"]
[SourceQuality "1"]

1. d4 d5 2. c4 c6 3. Nf3 Nf6 4. Nc3 e6 5. e3 a6 6. Qc2 c5 7. cxd5 exd5 8. Be2
Be6 9. O-O Nc6 10. Rd1 cxd4 11. Nxd4 Nxd4 12. Rxd4 Bc5 13. Rd1 Qe7 14. Bf3 O-O
15. Nxd5 Nxd5 16. Bxd5 Bxd5 17. Rxd5 Rac8 18. Bd2 Bxe3 19. Bc3 Bb6 20. Qf5 Qe6
21. Qf3 Rfe8 $5 $146 ({Refraining from the somewhat unaesthetic} 21... f6 {
Gelfand,B (2727)-Anand,V (2791)/Moscow 2012/CBM 149/[Ftacnik,L] (1/2, 29)}) 22.
g3 Qe2 23. Kg2 Qxf3+ 24. Kxf3 Re7 25. Rad1 f6 26. Rd7 Rc7 27. Rxc7 Rxc7 28.
Rd8+ Kf7 29. Bd4 Bxd4 30. Rxd4 Ke6 31. Ke3 Rc2 32. Rb4 b5 33. a4 bxa4 34. Rxa4
Rxb2 35. Rxa6+ 1/2-1/2

[Event "Morelia/Linares 24th"]
[Site "Morelia/Linares"]
[Date "2007.02.24"]
[Round "6"]
[White "Carlsen, Magnus"]
[Black "Leko, Peter"]
[Result "1/2-1/2"]
[WhiteElo "2690"]
[BlackElo "2749"]
[Annotator "Marin,M"]
[PlyCount "40"]
[EventDate "2007.02.17"]
[EventType "tourn"]
[EventRounds "14"]
[EventCountry "ESP"]
[EventCategory "20"]
[SourceTitle "CBM 117"]
[Source "ChessBase"]
[SourceDate "2007.03.30"]
[SourceVersion "1"]
[SourceVersionDate "2007.03.30"]
[SourceQuality "1"]

1. d4 d5 2. c4 c6 3. Nf3 Nf6 4. Nc3 e6 5. e3 Nbd7 6. Qc2 Bd6 7. b3 O-O 8. Be2
b6 9. Bb2 Bb7 10. O-O Qe7 11. Rad1 Rad8 {This is the most natural way to
develop the queen's rook. One round earlier, Topalov preferred to place it on
c8.} 12. Rfe1 Rfe8 13. e4 Nxe4 14. Nxe4 dxe4 15. Qxe4 Bb4 16. Rf1 Bd6 ({
This position usually arises through a different move order, with 12.e4
instead of 12.Rfe1. In this concrete position, the last move clearly shows
that Leko does not have the least intention of depose the surprising leader of
the tournament. The more ambitious} 16... f5 {is not without drawbacks. After}
17. Qc2 Bd6 18. c5 bxc5 19. dxc5 Bxc5 20. Bc4 {White obtained excellent
compensation for the sacrificed pawn, in view of the weakness of the dark
squares from Black's camp, Rustemov-Gurevich, Copenhagen 2001.}) 17. Rfe1 {
A brave decision dictated by the impetuosity of youth. Previously, 17.Bd3 and
17.Ne5 have been tried.} Bb4 18. Rf1 Bd6 19. Rfe1 Bb4 {Excellent fighting
spirit! Black could have claimed a draw by repetition already, but he prefers
to continue this fierce duel of nerves for a while.} 20. Rf1 Bd6 1/2-1/2

[Event "Metz op 30th"]
[Site "Metz"]
[Date "2012.04.23"]
[Round "2"]
[White "Malakhatko, Vadim"]
[Black "Gurevich, Mikhail"]
[Result "1-0"]
[WhiteElo "2532"]
[BlackElo "2611"]
[Annotator "Metz Alekhine/Primel,D"]
[PlyCount "54"]
[EventDate "2012.04.14"]
[EventType "swiss"]
[EventRounds "9"]
[EventCountry "FRA"]
[SourceTitle "EXT 2013"]
[Source "ChessBase"]
[SourceDate "2012.11.22"]
[SourceVersion "1"]
[SourceVersionDate "2012.11.22"]
[SourceQuality "1"]

1. d4 {Malakhato double les Blancs dans cette seconde ronde et au surplus, son
adversaire lui rejoue une Slave} d5 2. c4 c6 3. Nc3 Nf6 4. e3 (4. Qb3 {
Malakhatko,V (2532)-Arjun,B (2210) Metz op 30th  2012 (1) 1-0}) 4... e6 5. Nf3
a6 6. Qc2 c5 {La pratique a montré que la perte de temps est assez négigeable}
7. cxd5 exd5 8. Be2 Nc6 9. Ne5 Qc7 10. Nxc6 bxc6 (10... Qxc6 11. O-O cxd4 12.
exd4 Bb4 13. Bf4 $14 {Mamedyarov,S (2731)-Wang Yue (2736) Elista FIDE GP 2008 
(12) 1/2}) 11. e4 $1 Be6 12. O-O {Le belge avait joué la même variante mais
avec couleurs inversées quelques semaines plus tôt en Corse.} Be7 $146 (12...
cxd4 13. Nxd5 Nxd5 14. exd5 Bxd5 $132 {Flear,G (2459)-Malakhatko,V (2532)
Calvi Balagne 1st 2012 (1) 1/2}) 13. Be3 c4 14. e5 {[%cal Gf2f4,Gf4f5]} Ng4 15.
Bc1 (15. Bf4 {[%cal Gh2h3]} g5 16. Bg3 h5 17. h3 Nh6 18. f4 Nf5) 15... h5 16.
h3 c5 $3 {Le centre Blanc paraissait solide mais il se révèle trés fragile.}
17. hxg4 cxd4 $44 18. gxh5 Qxe5 19. Bf3 dxc3 20. bxc3 Bd6 $40 21. g3 Qf6 22.
Qd1 (22. Kg2 $2 Bh3+ $1 23. Kxh3 Qxf3 {[%cal Gh8h5]}) 22... Rd8 (22... O-O-O $6
23. Qa4) 23. Be3 O-O 24. Bd4 Be5 25. Bxe5 Qxe5 26. Rc1 d4 {[%cal Gd8d1]} 27.
cxd4 Rxd4 {Suite illisible et gain Blanc au 54ème coup} 1-0

[Event "Metz op 30th"]
[Site "Metz"]
[Date "2012.04.23"]
[Round "1"]
[White "Nguyen, Chi Minh"]
[Black "Korneev, Oleg"]
[Result "1-0"]
[WhiteElo "2420"]
[BlackElo "2597"]
[Annotator "Metz Alekhine/Primel,D"]
[PlyCount "35"]
[EventDate "2012.04.14"]
[EventType "swiss"]
[EventRounds "9"]
[EventCountry "FRA"]
[SourceTitle "EXT 2013"]
[Source "ChessBase"]
[SourceDate "2012.11.22"]
[SourceVersion "1"]
[SourceVersionDate "2012.11.22"]
[SourceQuality "1"]

1. d4 {01h30} d5 2. c4 e6 3. Nc3 c6 4. e3 Nf6 5. Nf3 {86} Nbd7 {78} 6. Qc2 (6.
cxd5) 6... Bd6 7. g4 {Sans préparation dans cette première ronde, le français
choisit une variante tranchante pour jouer pour le gain.} h6 (7... dxc4 {
L'alternative}) 8. Rg1 dxc4 (8... e5 {La grande ligne et la réaction classique
au centre а une attaque а l'aile.}) (8... b6 9. h4 Bb4 10. g5 hxg5 11. hxg5 Ne4
12. Bd3 Qc7 13. Bxe4 dxe4 14. Qxe4 Ba6 15. g6 O-O-O 16. gxf7 Bxc4 17. Bd2 Bxc3
18. Bxc3 Bd5 19. Qg4 Rdf8 20. e4 Nf6 21. Qxg7 Qf4 22. exd5 Qe4+ 23. Kf1 Qxf3
24. dxe6 Ne4 25. Qg2 Qf5 26. Rc1 Kb7 27. d5 Qxd5 28. Qg4 Rh2 29. Rd1 Qc5 30.
Rd7+ Ka8 31. Rg2 Rxg2 32. Qxg2 Qc4+ 33. Kg1 Nxc3 34. bxc3 Qxc3 35. Qg4 Qe1+ 36.
Kg2 {1-0 (36) Korobov,A (2678)-Kuzubov,Y (2623) Kiev 2012}) 9. Bxc4 b5 10. Bd3
(10. Be2) (10. Bxe6 $5 {Le MI avait joué 10 ans plus tôt ce sacrifice risqué
mais qui donne des compensations raisonnables pour les Blancs} fxe6 11. Qg6+ (
11. g5 hxg5 12. Qg6+ Kf8 13. Nxg5 Qe8 14. Nxe6+ {Alonso Fernandez,M (2311)
-Andres Gonzalez,I (2367) Mondariz IM 2006 (7) 1/2}) 11... Kf8 12. g5 $13 {
Nguyen Chi Minh (2262)-Lachique,F (2145) FRA-chT2 France 2002 (1) 1-0}) 10...
c5 $146 {Une nouveauté assez risquée} (10... b4 11. Na4 Bb7 12. e4 c5 13. Nxc5
Bxc5 14. dxc5 Rc8 15. Be3 Qa5 16. Nd2 Nxc5 17. Bxc5 Qxc5 18. Qxc5 Rxc5 19. Ke2
Ke7 20. a3 a5 21. axb4 axb4 22. Ra4 e5 23. f3 Nd7 24. Rga1 Rc7 25. Rxb4 Nc5 26.
Bc4 Bc6 27. Nf1 Bd7 28. Ne3 Be6 29. Bxe6 fxe6 30. Rc1 Rhc8 31. Rbc4 Kd6 32. b4
Nb3 33. R1c3 Nd4+ 34. Kf2 Rxc4 35. Rxc4 Rf8 36. Rc3 Rxf3+ 37. Kg2 Rf4 38. Nc4+
Ke7 39. Nxe5 Rxe4 40. Rc5 {Li,C (2669)-Yu,Y (2672) Hefei 2011 1/2-1/2}) 11. g5
(11. Nxb5 Be7 12. g5 (12. h4 Bb7 13. g5) 12... hxg5 13. Nxg5 Bb7 14. Bg6 $3 {
[%cal Gg5e6,Gg6e8]}) 11... hxg5 12. Nxg5 {[%cal Gd3g6] 53} Nf8 {[%csl Rg6] 57}
(12... Bxh2 13. Rh1 {[%csl Rh8]} Bb7 14. Nce4 Qb6 {[%cal Ge8c8] Si les Noirs
arrivent а faire le ooo, ils doivent avoir un bon jeu}) (12... Bb7 13. Bg6 $1 {
Toujours le même thème tactique}) 13. Nxb5 Bxh2 14. Qxc5 Bb7 $4 (14... Qd5 15.
Nc7+ Bxc7) 15. f4 $1 {[%cal Gb5c7] Probablement oublié par le GMI lorsqu'il a
joué Bb7} Rc8 16. Nd6+ Qxd6 17. Qxd6 Bxg1 18. Bd2 1-0

[Event "Metz op 30th"]
[Site "Metz"]
[Date "2012.04.17"]
[Round "6"]
[White "Manolache, Marius"]
[Black "Solodovnichenko, Yuri"]
[Result "1-0"]
[WhiteElo "2561"]
[BlackElo "2615"]
[Annotator "Metz Alekhine/Primel,D"]
[PlyCount "125"]
[EventDate "2012.04.14"]
[EventType "swiss"]
[EventRounds "9"]
[EventCountry "FRA"]
[SourceTitle "EXT 2013"]
[Source "ChessBase"]
[SourceDate "2012.11.22"]
[SourceVersion "1"]
[SourceVersionDate "2012.11.22"]
[SourceQuality "1"]

1. d4 Nf6 {01h30} 2. c4 e6 3. Nc3 d5 4. Nf3 c6 5. e3 Nbd7 6. b3 Bb4 (6... Bd6)
7. Bd2 Qe7 8. Be2 O-O 9. O-O b6 10. Qc1 (10. Qc2 Bb7 11. Rfd1 Rfd8 12. Be1 Rac8
13. a3 Bd6 14. b4 dxc4 15. Bxc4 c5 16. dxc5 bxc5 17. b5 Ng4 18. Ne4 Nxh2 19.
Nfg5 Bxe4 20. Nxe4 Be5 21. Rac1 Ng4 22. Be2 Ngf6 23. a4 Nd5 24. Qb3 Bb8 25. g3
Ne5 26. Qa3 f5 27. Nd2 h5 28. Nf3 Nxf3+ 29. Bxf3 h4 30. Qb3 hxg3 31. Bxd5 gxf2+
32. Bxf2 exd5 33. Rxd5 Qg5+ 34. Kf1 Kh7 35. Qd3 Rxd5 36. Qxd5 Rd8 37. Qf3 Bd6
38. Rc4 Be7 39. Bh4 Qg6 {Damljanovic,B (2582)-Bogosavljevic,B (2523) Vrnjacka
Banja 2012 1-0}) 10... Bb7 11. a3 Bd6 {89} 12. Qb2 $146 (12. cxd5 cxd5 13. Nb5
Ba6 14. Qb2 Bxb5 15. Bxb5 Ne4 16. Ba6 Nb8 17. Bd3 Nd7 18. Rfc1 Nxd2 19. Nxd2 e5
20. Bb5 Nf6 21. b4 a5 22. Rab1 exd4 23. Qxd4 axb4 24. axb4 Ra2 25. Rd1 Rc8 26.
Bd3 Be5 27. Qh4 g6 28. b5 Rc3 29. Nf3 Bd6 30. Qd4 Rc5 31. Ra1 Rxa1 32. Rxa1 Kg7
33. g3 Qc7 34. Kg2 Rc3 35. Bf1 Rc2 36. Ra6 Bc5 37. Qd3 Bd6 38. Nd4 Rc3 39. Qb1
Bc5 40. Nc6 Qd6 41. Ra7 Ne4 {Zhu Chen (2480)-Stefanova,A (2475) Groningen 1998
1/2-1/2 (73)}) 12... dxc4 {81 Une précaution avant de jouer e5 sans craindre
d'avoir un P isolé} 13. bxc4 c5 14. Rfd1 cxd4 15. exd4 e5 {Semble égaliser
mais les Blancs vont gagner la paire de B} 16. Nb5 $1 exd4 (16... Bb8 17. Bb4)
17. Nxd6 Qxd6 18. Bb4 Nc5 {64} 19. Rxd4 (19. Nxd4 Rad8) 19... Qc7 20. Bd2 Rfe8
21. Be3 Nfe4 22. Re1 {Un coup un peu mystérieux car Rfd1 semblait plus naturel}
Re6 {[%csl Rg2,Rh2][%cal Ge6h6,Gb7f3,Ge6g6]} 23. Nh4 Rae8 24. Bg4 Nf6 $1 25.
Bxe6 Nxe6 $44 26. Red1 (26. Rd2 Ng4 $36 {[%csl Rh2]} 27. g3 Ng5 $1 {[%csl Re1,
Rg1][%cal Gg5h3] Exploitant la position exposée de la Rae1}) 26... Nxd4 27.
Qxd4 h6 {[%csl Rg6]} (27... Qc6 28. Nf3 (28. f3 {[%csl Re3]} Ba6 29. c5 bxc5
30. Qxc5 Qa4 $132) 28... h6 $132) 28. Nf5 $1 Qc6 29. f3 Qe6 $132 {11} 30. Qf4
Bc8 {Un peu passif et transposer en finale de R était une option intéressante
pour les Noirs} (30... g5 31. Nxh6+ Kh7 32. Qf5+ Qxf5 33. Nxf5 Kg6 34. Nd6 Rxe3
35. Nxb7 Rxa3 {[%csl Ga7,Rc4]}) 31. g4 Nh5 (31... Ba6 {[%csl Rc4]} 32. Rc1 Nd7
{[%cal Gd7c5]}) 32. Qc7 Ba6 (32... Nf6 33. Bf2 (33. Qxa7 Qxc4 {[%csl Re3][%cal
Gc8f5,Ge8e3]}) 33... Ba6 34. Qxa7 Qxc4 (34... Bxc4)) 33. Bf2 Nf6 34. Nd6 Re7
35. Qd8+ Kh7 36. Nb5 Rd7 $1 {Semble perdre une pièce mais les Noirs ont bien
calculé la suite.} 37. Rxd7 Nxd7 38. Nc7 Qxc4 39. Nxa6 Ne5 $1 {La pointe!} 40.
Qc7 $6 (40. Nb4 Nxf3+ 41. Kg2 Qxg4+ 42. Bg3 Qe4 $36 {[%cal Ge4g2]}) 40... Nxf3+
41. Kg2 Qxg4+ 42. Kf1 Nd2+ 43. Ke1 Nf3+ $6 (43... Nc4 $1 {Une position
étonnante car le Na6 est hors-jeu et la pièce supplémentaire ne permet pas de
défendre le K Blanc trés exposé.} 44. Qc6 (44. Qxa7 Qe4+) 44... Nxa3 45. Nc7
Nc4 46. Nb5 Ne5 47. Qc2+ g6 48. Bg3 Nf3+) 44. Kf1 Qe4 45. Nb4 Nd2+ 46. Kg1 Qb1+
47. Kg2 Qf1+ 48. Kg3 Ne4+ 49. Kf3 f5 $40 50. Qc2 Qh3+ 51. Kf4 Qxh2+ $2 (51...
g5+ $8 52. Ke5 Qxh2+ 53. Kxf5 Qf4+ 54. Ke6 Kg6 55. Nd5 (55. Ke7 Qf6+ 56. Ke8)
55... Qd6#) 52. Kxf5 Nxf2 (52... Ng5) 53. Ke6+ g6 54. Nd5 Qh3+ (54... Ng4 55.
Nf6+ Kg7 56. Qc3 {[%cal Gc3g7]} Nxf6 57. Qxf6+ Kh7 58. Qf7+ Kh8 59. Qf8+ (59.
Qxg6 Qh3+)) 55. Kf7 Qd7+ 56. Ne7 Qd3 $6 57. Qxf2 Qb3+ $2 (57... Qc3) 58. Ke8 $2
(58. Kf8 Qe6 59. Qd4 {[%cal Gd4g7]}) 58... Qe6 59. Kf8 h5 60. Qf4 b5 $13 61.
Qd4 Kh6 62. Qd2+ g5 $4 63. Qd4 $1 {Les Noirs sont en zugzwang} 1-0

[Event "Metz op 30th"]
[Site "Metz"]
[Date "2012.04.23"]
[Round "4"]
[White "Sumets, Andrey"]
[Black "Michiels, Bart"]
[Result "1-0"]
[WhiteElo "2587"]
[BlackElo "2502"]
[Annotator "Metz Alekhine/Primel,D"]
[PlyCount "61"]
[EventDate "2012.04.14"]
[EventType "swiss"]
[EventRounds "9"]
[EventCountry "FRA"]
[SourceTitle "EXT 2013"]
[Source "ChessBase"]
[SourceDate "2012.11.22"]
[SourceVersion "1"]
[SourceVersionDate "2012.11.22"]
[SourceQuality "1"]

1. d4 d5 {01h30} 2. c4 c6 3. Nf3 Nf6 4. e3 e6 5. Nc3 Nbd7 6. Qc2 Bd6 7. Be2 (7.
Bd3) 7... O-O 8. O-O b6 (8... dxc4 {La grande ligne}) 9. b3 (9. e4) 9... Bb7
10. Bb2 Rc8 {92} (10... Qe7 11. Rad1 Rac8 12. e4 $14) 11. e4 Nxe4 12. Nxe4 dxe4
13. Qxe4 Nf6 14. Qc2 (14. Qh4 c5 15. Rad1 Qe7 16. Rfe1 cxd4 17. Nxd4 Bb4 18.
Bd3 $1 Bxe1 $6 (18... Qc5 $142 19. Re3 Qh5 $11) 19. Bxh7+ $1 {Gomez Ledo,R 
(2398)-Larduet Despaigne,C (2350) Moncada op 6th 2009 (7) 1-0}) ({Pertinent:} 
14. Qh4 c5 15. Rad1 Ne4 16. Qxd8 Rfxd8 17. Nd2 Nxd2 18. Rxd2 Be5 19. Rfd1 Bf4
20. Rc2 Be4 21. Bd3 Bxd3 22. Rxd3 Rd7 23. g3 Be5 24. d5 Bxb2 25. Rxb2 exd5 26.
cxd5 Kf8 27. Rbd2 Re8 28. Kg2 Ke7 29. Re3+ Kd8 30. Kf3 Rde7 31. h4 Kd7 32. Kf4
Kd6 33. g4 b5 34. g5 Re5 35. h5 g6 36. h6 Rf5+ 37. Kg4 Ree5 38. Rxe5 Rxe5 39.
f4 Rxd5 40. Rc2 Rd3 41. Re2 c4 42. bxc4 bxc4 43. Re8 Rd5 {Schlosser,P (2596)
-Van Wely,L (2682) Belfort 2012 0-1}) 14... c5 15. Rad1 (15. dxc5) 15... Qe7 {
67} 16. d5 $1 exd5 17. cxd5 Ne4 (17... Rfe8) 18. Rfe1 f5 {[%csl Re6]} 19. g3
$146 (19. Bd3 Rce8 20. g3 Qf7 21. Re3 Qh5 22. Be2 Qh3 23. Bc1 Re7 24. Bf1 Qh5
25. Be2 Qh3 26. Bf1 Qh5 27. a4 Kh8 28. Be2 Qh3 29. Bf1 Qg4 30. Be2 Qh3 31. Bf1
Qg4 {1/2-1/2 (31) Lputian,S (2575)-Kamsky,G (2650) Manila 1990}) 19... a6 {
La position Noire est un peu passive} 20. Bd3 c4 $5 {47} 21. bxc4 Bxd5 {
[%cal Gc8c2] L'idée du pseudo sacrifice c4 mais après Qb3, les Blancs
commencent а prendre l'avantage} (21... b5 {[%cal Gc8c2]} 22. Bxe4 fxe4 23.
Rxe4) 22. Qb3 $16 Be6 23. Bxe4 fxe4 24. Rxe4 Bc5 25. Nd4 Bxd4 26. Bxd4 $36 {
[%csl Gd4,Rg7][%cal Gd4g7] Les Noirs n'ont pas assez de compensations} Qf7 27.
Rde1 (27. Qxb6 Bh3 {[%cal Gf7f3]} 28. c5 Qf3 29. Qb3+ {[%cal Gb3g8,Gb3f3]})
27... Bxc4 28. Qe3 Qf5 29. Re5 Qh3 30. Rg5 g6 $4 $138 {03} 31. Qe5 1-0